Na pomoc nezávislým obchodníkom

Súbor článkov, ktoré rozoberajú problematiku vytvárania nákupných aliancií malými predajňami, ako "odpoveď" na silnú sieť supermarketov - nákupné aliancie na Slovensku, špecifiká každej aliancie, význam a perspektíva nákupných aliancií, sú aliancie naozaj záchranou, o medzinárodnej úrovni nákupných...

ver descrição completa

Na minha lista:
Detalhes bibliográficos
Autor principal: Pálfyová, Milica
Outros Autores: Bokorová, Jana
Formato: Capítulo de Livro
Idioma:eslovaco
Assuntos:
Tags: Adicionar Tag
Sem tags, seja o primeiro a adicionar uma tag!

MARC

LEADER 00000naa a2200000 4500
001 r042468
005 20231004093802.8
041 0 |a slo 
044 |a SK 
245 1 0 |a Na pomoc nezávislým obchodníkom  |c Milica Pálfyová, Jana Bokorová 
520 |a Súbor článkov, ktoré rozoberajú problematiku vytvárania nákupných aliancií malými predajňami, ako "odpoveď" na silnú sieť supermarketov - nákupné aliancie na Slovensku, špecifiká každej aliancie, význam a perspektíva nákupných aliancií, sú aliancie naozaj záchranou, o medzinárodnej úrovni nákupných aliancií, na akom princípe pracujú aliancie v zahraničí. 
610 2 0 |a maloobchod 
610 2 0 |a nákup 
610 2 0 |a obchodníci 
610 2 0 |a obchod špeciálny 
610 2 0 |a predajne 
610 2 0 |a veľkoobchod 
610 2 0 |a Slovensko 
610 2 0 |a Európa 
100 1 |a Pálfyová, Milica 
700 1 |a Bokorová, Jana